| 000 | 00697nam a2200205 a 4500 | ||
|---|---|---|---|
| 001 | 13900 | ||
| 003 | BD-JhCC | ||
| 005 | 20240513114355.0 | ||
| 008 | 180424s2013 bg |||| ||a| 000 0 ben d | ||
| 035 | _a(BD-JhCC)13900 | ||
| 040 |
_aBD-JhCC _dBD-JhCC |
||
| 041 | _aBen | ||
| 082 |
_a891.4415 _bEKS 2013 |
||
| 245 |
_aএকশ’ বছরের ইংরেজি কবিতা / _cঅনু: সুরেশ রঞ্জন বসাক |
||
| 260 |
_aঢাকা : _bসাহিত্য প্রকাশ, _c2013 |
||
| 300 |
_a166 p. : _c22 cm. |
||
| 650 | _aইংরেজি কবিতা | ||
| 700 | _a বসাক , অনু: সুরেশ রঞ্জন | ||
| 942 |
_2ddc _cBK |
||
| 999 |
_c13900 _d13900 |
||